Down on the telecottage (Record no. 65800)

MARC details
000 -LEADER
fixed length control field 01637cam a2200277 4500
001 - CONTROL NUMBER
control field ABS63489
008 - FIXED-LENGTH DATA ELEMENTS--GENERAL INFORMATION
fixed length control field 000000n2000 000 0 eng u
035 ## - SYSTEM CONTROL NUMBER
System control number (Sirsi) u110373
100 ## - MAIN ENTRY--PERSONAL NAME
Personal name Butler, R.
245 ## - TITLE STATEMENT
Title Down on the telecottage
260 ## - PUBLICATION, DISTRIBUTION, ETC.
Date of publication, distribution, etc. 2000
490 ## - SERIES STATEMENT
Series statement Context
Volume/sequential designation (68) December 2000, 18-19
520 ## - SUMMARY, ETC.
Summary, etc. A belief in a living countryside, a belief in a working countryside, a recognition of the interdependence of urban and rural areas, a commitment to protect the rural environment and enhance its qualities, and a belief that the countryside should be accessible to all are the five key principals guiding the government's rural regeneration policies. As the rural white paper outlines a new approach to addressing problems affecting rural areas British Waterways' strategy to develop a co-ordinated framework for action, partnership and investment based around its network of canals and rivers, provides an example of the way in which regeneration schemes can help to ensure sustainable economic diversification, development of local skills, and improved support for leisure, recreation and tourism. Possible amendments to PPG2 and PGG7, as well as the future role of the Countryside Agency, MAFF and regional development agencies, are also discussed.
590 ## - LOCAL NOTE (RLIN)
Local note ABS
650 ## - SUBJECT ADDED ENTRY--TOPICAL TERM
Topical term or geographic name entry element RURAL WHITE PAPER
650 ## - SUBJECT ADDED ENTRY--TOPICAL TERM
Topical term or geographic name entry element PLANNING POLICY GUIDANCE NOTE 2 (GREEN BELTS)
650 ## - SUBJECT ADDED ENTRY--TOPICAL TERM
Topical term or geographic name entry element PPG7
650 ## - SUBJECT ADDED ENTRY--TOPICAL TERM
Topical term or geographic name entry element RURAL ECONOMY
650 ## - SUBJECT ADDED ENTRY--TOPICAL TERM
Topical term or geographic name entry element RURAL ENTERPRISE
650 ## - SUBJECT ADDED ENTRY--TOPICAL TERM
Topical term or geographic name entry element RURAL REGENERATION
650 ## - SUBJECT ADDED ENTRY--TOPICAL TERM
Topical term or geographic name entry element RURAL STRATEGIES
650 ## - SUBJECT ADDED ENTRY--TOPICAL TERM
Topical term or geographic name entry element BRITISH WATERWAYS
650 ## - SUBJECT ADDED ENTRY--TOPICAL TERM
Topical term or geographic name entry element CANALS
690 ## - LOCAL SUBJECT ADDED ENTRY--TOPICAL TERM (OCLC, RLIN)
Topical term or geographic name as entry element Rural
9 (RLIN) 6268
942 ## - ADDED ENTRY ELEMENTS (KOHA)
Suppress in OPAC 0
Holdings
Withdrawn status Lost status Source of classification or shelving scheme Damaged status Not for loan Home library Current library Shelving location Date acquired Total Checkouts Full call number Barcode Date last seen Copy number Price effective from Koha item type
    Dewey Decimal Classification     London London Journal article 16/01/2001   ABS63489 110373-1001 06/08/2019 1 06/08/2019 Journal article